El cooperativismo escolar en la gestión curricular : un proyecto constructivo hacia la utonomía pedagógica /
Guardado en:
| Autor Principal: | |
|---|---|
| Otros Autores: | |
| Formato: | Libro |
| Publicado: |
Buenos Aires :
Intercoop,
2006
|
| Series: | Manuales, no. 24
|
| Materias: | |
| Etiquetas: |
Agregar Etiqueta
Sin Etiquetas, Sea el primero en etiquetar este registro!
|
| LEADER | 00953nam a22002175a 4500 | ||
|---|---|---|---|
| 001 | CEM.cems012281 | ||
| 005 | 20060912181229.0 | ||
| 008 | 130507s2006##################000#0#####d | ||
| 003 | CEMS | ||
| 020 | |a 9509012882 | ||
| 082 | 0 | 4 | |a 371 |
| 100 | 1 | |a Maggio, Mirta Marisa | |
| 245 | 1 | 0 | |a El cooperativismo escolar en la gestión curricular : |b un proyecto constructivo hacia la utonomía pedagógica / |c Mirta Marisa Maggio ; maría Cristina Ruffini de Lasagna |
| 260 | |a Buenos Aires : |b Intercoop, |c 2006 | ||
| 300 | |a 110 p. | ||
| 490 | 0 | |a Manuales, no. 24 | |
| 505 | 0 | |a La educación cooperativa: una necesidad -- El constructivismo y la cooperativa escolar -- La cooperativa escolar en el Proyecto Educativo Institucional -- Experiencias de coopetiva escolar en escuelas especiales | |
| 653 | |a Cooperativismo | ||
| 653 | |a Cooperativismo escolar | ||
| 700 | 1 | |a Ruffini de Lasagna, María Cristina | |
| 859 | |a CEMS |b BIB. CEMS - 11 de abril |h 371 |i M272 |p 23495.06 |t Ej.1 | ||
